[Event "Greifswald Ryck op"]
[Site "Greifswald"]
[Date "2002.08.25"]
[Round "7"]
[White "Hollatz, Michael"]
[Black "Haun, Peter"]
[Result "0-1"]
[WhiteElo "1134"]
[BlackElo "1122"]
[PlyCount "54"]
[EventDate "2002.08.??"]
[EventType "swiss"]
[EventRounds "7"]
[EventCountry "GER"]
[SourceTitle "EXT 2005"]
[Source "ChessBase"]
[SourceDate "2004.11.15"]
[SourceVersion "1"]
[SourceVersionDate "2004.11.15"]
[SourceQuality "1"]

1. e4 c5 2. Nf3 Nc6 3. Nc3 Nf6 4. b3 g6 5. Ba3 d6 6. Bb5 Bg7 7. Rb1 0-0 8. 0-0 Be6 9. d4 cxd4 10. Nxd4 Nxd4 11. Qxd4 Nxe4 12. Qxe4 Bxc3 13. Qxb7 Rb8 14. Qf3 Bg7 15. Bd3 Rc8 16. h4 Qa5 17. Bb2 Rc7 18. g4 Qb4 19. Bxg7 Kxg7 20. Rbc1 Bxg4 21. Qg3 Bh5 22. Rce1 Rfc8 23. Qg5 Re8 24. a4 Rc5 25. Qc1 Qxh4 26. Re4 Qh3 27. Qe1 Rg5+ 0-1

[Event "Greifswald Ryck op"]
[Site "Greifswald"]
[Date "2002.08.22"]
[Round "1"]
[White "Nauschuetz, Ernst"]
[Black "Haun, Peter"]
[Result "1-0"]
[WhiteElo "1863"]
[BlackElo "1122"]
[PlyCount "83"]
[EventDate "2002.08.??"]
[EventType "swiss"]
[EventRounds "7"]
[EventCountry "GER"]
[SourceTitle "EXT 2005"]
[Source "ChessBase"]
[SourceDate "2004.11.15"]
[SourceVersion "1"]
[SourceVersionDate "2004.11.15"]
[SourceQuality "1"]

1. c4 e5 2. g3 Nf6 3. Bg2 Bc5 4. e3 Nc6 5. Nc3 0-0 6. Nge2 d6 7. 0-0 Bg4 8. a3 a5 9. b3 Re8 10. d3 h6 11. Qc2 Bxe2 12. Qxe2 Re7 13. Rb1 b6 14. Bxc6 Rb8 15. b4 axb4 16. axb4 Bd4 17. Nb5 d5 18. exd4 exd4 19. Qc2 dxc4 20. Qxc4 Re6 21. Bf4 Rc8 22. Rfe1 Qe7 23. Rxe6 Qxe6 24. Qxe6 fxe6 25. Bxc7 Rf8 26. Ra1 Nh7 27. Nxd4 Rf7 28. Nxe6 Re7 29. Ra8+ Kf7 30. Nd8+ Kf6 31. Bd6 Re2 32. h4 g5 33. Ra7 gxh4 34. Rxh7 Kg5 35. Bf4+ Kg4 36. Rg7+ Kf5 37. Bd7+ Kf6 38. Rf7+ Kg6 39. g4 Re1+ 40. Kh2 Re5 41. Bxe5 Kg5 42. Bf4+ 1-0